000 00508nam a2200157 a 4500
008 120416s1994 ||||||||||||||||| || u
020 _a0340561815
050 _aHA 29 Gra
100 _aGraham, Alan
245 1 0 _aStatistics
260 _aLondon
_bHodder & Stoughton
_c1994
300 _ax, 303p. : ill.
350 _a0.00
650 3 _aP0PULATION STATISTICS
995 _D0.00
_FCBU-MAIN LIBRARY (Kitwe)
_H1
_I5.99
_M1
_UDAMAGED
_ZMain Library Open Access Collection
999 _c58334
_d58334